[Event "IV Copa Mercosur"]
[Site "Vicente Lopez ARG"]
[Date "2001.06.23"]
[Round "1"]
[White "Matsuura,E"]
[Black "Panno,O"]
[Result "1/2-1/2"]
[WhiteElo "2467"]
[BlackElo "2471"]

1.e4 c5 2.c3 Nf6 3.e5 Nd5 4.d4 cxd4 5.Nf3 e6 6.cxd4 d6 7.Bc4 Nc6 8.O-O Be7
9.Qe2 O-O 10.Rd1 Re8 11.Bd2 Bf8 12.Nc3 Nxc3 13.Bxc3 Bd7 14.d5 exd5 15.Bxd5 Be6
16.Be4 g6 17.Qb5 Qc7 18.exd6 Bxd6 19.Qg5 Be7 20.Qh6 Bf8 21.Qh4 Bg7 22.Bxg7 Kxg7
23.Ng5 h5 24.Bxc6 bxc6 25.Qd4+ Kh6 26.Qd2 Kg7 27.Qc3+ Kh6 28.Nxe6 Rxe6 29.Re1 Qd7
30.Rxe6 Qxe6 31.b3 Kh7  1/2-1/2

[Event "Polish Supercup"]
[Site "Warsaw POL"]
[Date "2001.06.23"]
[Round "1"]
[White "Jakubiec,A"]
[Black "Blehm,P"]
[Result "1/2-1/2"]
[WhiteElo "2482"]
[BlackElo "2530"]

1.e4 c5 2.c3 Nf6 3.e5 Nd5 4.g3 d6 5.exd6 e6 6.Bg2 Bxd6 7.Nf3 O-O 8.d4 Nc6
9.O-O cxd4 10.Nxd4 Nxd4 11.Qxd4 Qc7 12.Nd2 Bd7 13.Ne4 Be5 14.Qc5 Qxc5 15.Nxc5 Bc6
16.Nd3 Bf6 17.Nf4 Rfd8 18.Nxd5 Bxd5 19.Be3 Kf8 20.Rfd1 Bxg2 21.Kxg2 a6 22.Bb6 Rxd1
23.Rxd1 Ke8 24.Kf3 Rc8  1/2-1/2

[Event "TCh-Europe Boys U18"]
[Site "Balatonlelle HUN"]
[Date "2001.06.24"]
[Round "3"]
[White "Lazar,Ales ml"]
[Black "Djukic,Ni"]
[Result "1-0"]
[WhiteElo "2267"]
[BlackElo "2382"]

1.e4 c5 2.c3 Nf6 3.e5 Nd5 4.Nf3 Nc6 5.Bc4 Nb6 6.Bb3 g6 7.d4 cxd4 8.cxd4 d5
9.h3 Bg7 10.O-O O-O 11.Nc3 Na5 12.Bc2 Bd7 13.Bg5 Rc8 14.Qe2 a6 15.Rac1 Rc7
16.Bb1 Be6 17.Nh2 Qd7 18.Ng4 Rfc8 19.Nh6+ Kh8 20.Rce1 Nc6 21.Rd1 Re8 22.Qf3 Rf8
23.Rfe1 f6 24.exf6 exf6 25.Bf4 Rcc8 26.Ng4 Nc4 27.b3 Na3 28.Na4 Qf7 29.Bd6 Nxb1
30.Bxf8 Rxf8 31.Rxb1 h5 32.Qe3 Bc8 33.Nh2 Kh7 34.Nc5 Bf5 35.Rbd1 Bh6 36.Qc3 Bf4
37.Nxa6 Rc8 38.Nb4 Nd8 39.Qf3 Bxh2+ 40.Kxh2 Be4 41.Qe3 Qf8 42.f3 Qxb4 43.fxe4  1-0

[Event "Open"]
[Site "Batumi GEO"]
[Date "2001.06.26"]
[Round "1"]
[White "Vardanian,H"]
[Black "Sturua,Z"]
[Result "0-1"]
[WhiteElo "2243"]
[BlackElo "2600"]

1.e4 c5 2.c3 Nf6 3.e5 Nd5 4.d4 cxd4 5.cxd4 d6 6.Bc4 e6 7.Nf3 Nc6 8.Qe2 Be7
9.O-O O-O 10.Qe4 Bd7 11.Bd3 g6 12.Bh6 Re8 13.Nbd2 f5 14.exf6 Bxf6 15.h4 Nce7
16.Bg5 Nf5 17.Bxf6 Qxf6 18.Qg4 h5 19.Qg5 Qxg5 20.hxg5 Bc6 21.Ne4 Kg7 22.Rad1 Rac8
23.Rfe1 Rc7 24.Kh2 Rec8 25.Rd2 Nde7 26.Rde2 Bd5 27.b3 Rc1 28.Ned2 R8c3 29.Ne4 Rxe1
30.Nxc3 Rxe2 31.Nxe2 Bxf3 32.gxf3 b6 33.Bb5 Nd5 34.a3 Nfe7 35.Kg3 Nf5+ 36.Kh2 Nde7
37.Kh3 a5 38.Bc4 d5 39.Bb5 Nd6 40.Bd7 Nef5 41.a4 Kf7 42.Bc6 Ke7 43.f4 Kd8
44.f3 Ne3 45.Bb5 Ndf5 46.Bd3 Nd1 47.Bxf5 exf5 48.Kg3 Ne3 49.Kf2 Nc2 50.Kg3 Kd7
51.Kh3 Kc6 52.Kg3 b5 53.Kh3 Na1 54.Nc1 Nxb3  0-1

[Event "12th Open"]
[Site "Ljubljana SLO"]
[Date "2001.06.26"]
[Round "4"]
[White "Ursic,M"]
[Black "Gruskovnjak,T"]
[Result "0-1"]
[WhiteElo "2060"]
[BlackElo "2290"]

1.e4 c5 2.c3 Nf6 3.e5 Nd5 4.d4 cxd4 5.Nf3 b6 6.cxd4 e6 7.Nc3 Nxc3 8.bxc3 Qc7
9.Bd2 Be7 10.Bd3 Ba6 11.c4 Bxc4 12.Qc2 b5 13.a4 Qc6 14.axb5 Bxb5 15.Qb3 Bxd3
16.Qxd3 O-O 17.O-O d5 18.Rfc1 Qd7 19.Qc2 a6 20.Qc7 Ra7 21.Qxd7 Nxd7 22.Rc6 Rfa8
23.Ba5 h6 24.Rac1 Rb7 25.g3 Rb5 26.Bd2 Nb6 27.Ra1 Bb4 28.Kf1 Bxd2 29.Nxd2 Rb4
30.Ke2 a5 31.Kd3 g5 32.f3 Kg7 33.Ra3 h5 34.Kc3 Na4+ 35.Kd3 Rab8 36.Ra6 Nb2+
37.Ke3 a4 38.Ra7 Rc8 39.Ra5 Kg6 40.Rc5 Rxc5 41.dxc5 Nc4+ 42.Nxc4 Rxc4 43.c6 Kf5
44.c7 Rxc7 45.Rxa4 Kxe5 46.Kd3 f5 47.Rb4 Ra7  0-1

[Event "St John's University"]
[Site "New York USA"]
[Date "2001.06.27"]
[Round "9"]
[White "Belorusov,M"]
[Black "Szuk,B"]
[Result "0-1"]
[WhiteElo "2298"]
[BlackElo "2360"]

1.e4 c5 2.c3 Nf6 3.e5 Nd5 4.d4 cxd4 5.Qxd4 e6 6.Nf3 Nc6 7.Qe4 Qc7 8.Bd3 Ncb4
9.O-O Nxd3 10.Qxd3 d6 11.Re1 dxe5 12.Nxe5 Bd6 13.Nc4 Be7 14.Nba3 O-O 15.Nb5 Qc5
16.a4 Rd8 17.b4 Qc6 18.Ne5 Qe8 19.Qg3 a6 20.Bh6 Bf8 21.Nd4 f6 22.Nc4 Qg6
23.Bd2 e5 24.Qxg6 hxg6 25.Nf3 Bg4 26.Ra2 Rac8 27.Ne3 Bxf3 28.gxf3 Nxc3 29.Bxc3 Rxc3
30.Rb1 Rd4 31.b5 a5 32.b6 Rc6 33.Rb5 Rc5 34.Kg2 Rxb5 35.axb5 a4 36.Nc2 Rd2
37.Kf1 Bc5 38.Ke1 Rxf2 39.Kd1 a3 40.Nb4 Rxf3  0-1

[Event "TCh-Europe Boys U18"]
[Site "Balatonlelle HUN"]
[Date "2001.06.28"]
[Round "6"]
[White "Mcgowan,D"]
[Black "Netzer,J"]
[Result "1/2-1/2"]
[WhiteElo "2116"]
[BlackElo "2043"]

1.e4 c5 2.c3 Nf6 3.e5 Nd5 4.d4 cxd4 5.Nf3 e6 6.cxd4 b6 7.Nc3 Nxc3 8.bxc3 Be7
9.Bd3 Ba6 10.O-O Bxd3 11.Qxd3 d5 12.exd6 Bxd6 13.Qe4 Nd7 14.Bg5 Qb8 15.Qc6 h6
16.Bd2 Ke7 17.Rfe1 Rc8 18.Qe4 Nf6 19.Qh4 Rc4 20.Re2 a5 21.Rae1 b5 22.Qh3 Kf8
23.Nh4 Ra6 24.Qf3 Qa8 25.Qd3 Qd5 26.Rb1 Rb6 27.Rb2 Ra4 28.Be1 Qc4 29.Qxc4 Rxc4
30.Nf3 Nd5 31.Rec2 b4 32.cxb4 Rxc2 33.Rxc2 Bxb4 34.Bxb4+ Rxb4 35.g3 Ra4 36.Ne5 f6
37.Nc6 Nb4 38.Nxb4 Rxb4 39.Rd2 Ke7 40.Kf1 Kd6 41.Ke2 Kd5 42.Ke3 g5 43.Rd3  1/2-1/2

[Event "12th Open"]
[Site "Ljubljana SLO"]
[Date "2001.06.28"]
[Round "6"]
[White "Ursic,M"]
[Black "Nikolic,Stank"]
[Result "0-1"]
[WhiteElo "2060"]
[BlackElo "2111"]

1.e4 c5 2.c3 Nf6 3.e5 Nd5 4.d4 cxd4 5.Nf3 e6 6.cxd4 d6 7.Bc4 Nb6 8.Bb5+ Bd7
9.Bd3 Nc6 10.a3 Be7 11.O-O d5 12.Nc3 a6 13.Bc2 O-O 14.Qd3 g6 15.Bh6 Re8 16.Qe3 Nc4
17.Qc1 b5 18.Qf4 f5 19.exf6 Bxf6 20.Bg5 Rf8 21.Qh4 Qe7 22.Ne2 Bxg5 23.Nxg5 Qg7
24.b3 Nd6 25.Rad1 Nf5 26.Bxf5 Rxf5 27.Ng3 Rff8 28.Rfe1 Rae8 29.Re2 h6 30.Nf3 Rf7
31.Rc2 Ref8 32.Rdc1 Rf4 33.Qh3 e5 34.Nf5 Bxf5  0-1

[Event "Open"]
[Site "Andorra AND"]
[Date "2001.07.01"]
[Round "2"]
[White "Linik,Y"]
[Black "Nanu,C"]
[Result "0-1"]
[WhiteElo "2146"]
[BlackElo "2417"]

1.e4 c5 2.c3 Nf6 3.e5 Nd5 4.d4 cxd4 5.Nf3 Nc6 6.cxd4 d6 7.Bc4 e6 8.O-O Be7
9.Re1 O-O 10.Nc3 Nxc3 11.bxc3 dxe5 12.Nxe5 Nxe5 13.Rxe5 Bd6 14.Rh5 g6 15.Rh6 Qc7
16.Bd3 e5 17.d5 Qxc3 18.Bg5 f5 19.Rc1 Qa5 20.Qb3 Qb6 21.Qa4 e4 22.Bc4 Qb2
23.Rd1 Qg7 24.Rh4 Bd7 25.Qb3 b5 26.Bxb5 Rfb8 27.Bxd7 Rxb3 28.Be6+ Kh8 29.axb3 h5
30.h3 Rf8 31.g4 Be7  0-1

[Event "Open"]
[Site "Andorra AND"]
[Date "2001.07.01"]
[Round "2"]
[White "Pedersen,D"]
[Black "Rotstein,A"]
[Result "0-1"]
[WhiteElo "2327"]
[BlackElo "2503"]

1.e4 c5 2.c3 Nf6 3.e5 Nd5 4.d4 cxd4 5.Nf3 Nc6 6.Bc4 e6 7.cxd4 d6 8.O-O Be7
9.Qe2 Nb6 10.Bb3 d5 11.g3 Bd7 12.h4 h6 13.Bf4 Rc8 14.Rc1 g5 15.hxg5 hxg5
16.Be3 g4 17.Nh2 Nxd4 18.Qxg4 Rxc1+ 19.Bxc1 Qc7 20.Be3 Nxb3 21.axb3 Qc2 22.Nd2 Qh7
23.Ndf3 d4 24.Bxd4 Bc6 25.Kf1 Rg8 26.Qf4 Nd5 27.Qc1 a6 28.Kg1 Nb4 29.Ra5 Rh8
30.Bb6 Nc2 31.Nh4 Bxh4 32.Rc5 Bxg3  0-1

[Event "12th Open"]
[Site "Ljubljana SLO"]
[Date "2001.07.01"]
[Round "9"]
[White "Piber,Vink"]
[Black "Kukovec,B"]
[Result "0-1"]
[WhiteElo "2020"]
[BlackElo "2079"]

1.e4 c5 2.c3 Nf6 3.e5 Nd5 4.d4 cxd4 5.Nf3 Nc6 6.cxd4 g6 7.Bc4 Nb6 8.Bb3 Bg7
9.Nc3 O-O 10.h4 d6 11.exd6 Bg4 12.Ne2 Bxf3 13.gxf3 Qxd6 14.h5 Nxd4 15.Nxd4 Qxd4
16.Qe2 e6 17.hxg6 hxg6 18.Rb1 Nd5 19.Be3 Qf6 20.Kf1 Rac8 21.Bxd5 exd5 22.Bxa7 b6
23.Qb5 Qxf3  0-1

[Event "Open"]
[Site "Andorra AND"]
[Date "2001.07.02"]
[Round "3"]
[White "Jonkman,H"]
[Black "Rausis,I"]
[Result "1/2-1/2"]
[WhiteElo "2410"]
[BlackElo "2500"]

1.e4 c5 2.c3 Nf6 3.e5 Nd5 4.Nf3 Nc6 5.d4 cxd4 6.Bc4 Nb6 7.Bb3 d5 8.exd6 e6
9.cxd4 Bxd6 10.O-O O-O 11.Re1 Nd5 12.Nc3 Nce7 13.Ne5 f6 14.Nc4 Bc7 15.Ne3 Nxe3
16.Rxe3 Kh8  1/2-1/2

[Event "1st Asean Open"]
[Site "Bandar Seri Begawan BRU"]
[Date "2001.07.02"]
[Round "8"]
[White "Megararanto,S"]
[Black "Dwyer,D"]
[Result "1-0"]
[WhiteElo "2234"]
[BlackElo "2163"]

1.e4 c5 2.c3 Nf6 3.e5 Nd5 4.d4 cxd4 5.Nf3 Nc6 6.Bc4 Nb6 7.Bb3 g6 8.cxd4 Bg7
9.O-O d6 10.exd6 Qxd6 11.Nc3 Nxd4 12.Nxd4 Qxd4 13.Qxd4 Bxd4 14.Nb5 Be5 15.Re1 Bb8
16.Bh6 Be6 17.Bxe6 fxe6 18.Rxe6 Kf7 19.Rae1 Re8 20.Bg5 Nc8 21.Nc3 a5 22.Nd5 Bd6
23.R6e3 b5 24.Rf3+ Kg7 25.h4 h5 26.Re6 Rb8 27.Be3 Rg8 28.Bd4+ Kh6 29.Rf7  1-0

[Event "1st Asean Open"]
[Site "Bandar Seri Begawan BRU"]
[Date "2001.07.02"]
[Round "8"]
[White "Nay Oo Kyaw Tun"]
[Black "Sitanggang,S"]
[Result "0-1"]
[WhiteElo "2515"]
[BlackElo "2387"]

1.e4 c5 2.c3 Nf6 3.e5 Nd5 4.d4 cxd4 5.Nf3 d6 6.cxd4 Nc6 7.Bc4 dxe5 8.Nxe5 e6
9.O-O Be7 10.Bb5 Bd7 11.Bxc6 Bxc6 12.Nxc6 bxc6 13.Nd2 O-O 14.Nf3 Qb6 15.b3 a5
16.Qc2 Rfc8 17.Bb2 Qb5 18.Ne5 Rc7 19.Qc4 a4 20.Rac1 a3 21.Bc3 Qb7 22.Bd2 c5
23.dxc5 Bxc5 24.Qe2 Rac8 25.Nc4 Bf8 26.g3 h6 27.Qf3 Qa7 28.Rfd1 Be7 29.Be3 Qa6
30.Bd4 Nb4 31.Qe2 Bg5 32.Be3 Be7 33.Bf4 Ra7 34.Be3 Rb7 35.Bd2 Nxa2 36.Ra1 Rxb3
37.Rxa2 Qxc4  0-1

[Event "Open"]
[Site "Andorra AND"]
[Date "2001.07.03"]
[Round "4"]
[White "Narciso Dublan,M"]
[Black "Medvegy,N"]
[Result "1-0"]
[WhiteElo "2544"]
[BlackElo "2346"]

1.e4 c5 2.c3 Nf6 3.e5 Nd5 4.d4 cxd4 5.Nf3 e6 6.cxd4 b6 7.Bd3 Ba6 8.O-O Be7
9.Nc3 Nxc3 10.bxc3 Bxd3 11.Qxd3 d5 12.exd6 Qxd6 13.Ba3 Qd8 14.Bxe7 Kxe7 15.Ne5 f6
16.Qf3 Qd5 17.Qg4 g6 18.Rfe1 Na6 19.Nd3 Nc7 20.Nf4 Qd6 21.Re3 Kf7 22.Rae1 Rae8
23.c4 Re7 24.Nd3 Rd7 25.d5 exd5 26.c5 bxc5 27.Nxc5 d4 28.Nxd7 dxe3 29.fxe3 Rd8
30.Rd1 Qe6 31.Qd4 Re8 32.Qxa7 Qxe3+ 33.Qxe3 Rxe3 34.a4 Ne6 35.Nb6 Nc5 36.Rc1 Nd3
37.Ra1 Nc5 38.a5 Na6 39.Kf2 Rb3 40.Rd1 Rb2+ 41.Kf3 Ra2 42.Nc4 Nc5 43.Rd5 Nb3
44.Rd3 Nxa5 45.Rd7+ Ke6 46.Ra7 Nxc4 47.Rxa2 h5 48.Ke4 Nd6+ 49.Kd4 Nf5+ 50.Kc5 Nh6
51.Re2+ Kf5 52.Kd5 Kg5 53.Re4 Nf5 54.Ke6 Nh4 55.Rxh4 Kxh4 56.Kxf6 g5 57.Kf5 g4
58.Kf4  1-0

[Event "1st Asean Open"]
[Site "Bandar Seri Begawan BRU"]
[Date "2001.07.04"]
[Round "9"]
[White "Boricsev,O"]
[Black "Myo Naing"]
[Result "1-0"]
[WhiteElo "2311"]
[BlackElo "2413"]

1.e4 c5 2.c3 Nf6 3.e5 Nd5 4.d4 cxd4 5.Nf3 e6 6.cxd4 d6 7.Bc4 Nb6 8.Bd3 dxe5
9.dxe5 Bd7 10.O-O Be7 11.Nc3 Bc6 12.Qe2 O-O 13.Bf4 Nd5 14.Nxd5 Bxd5 15.Rfd1 Nd7
16.Rac1 Rc8 17.Bb1 Re8 18.Rxc8 Qxc8 19.Ng5 Bxg5 20.Bxg5 Nf8 21.h4  1-0

[Event "Sub-zt 2.3.2"]
[Site "Managua NCA"]
[Date "2001.07.04"]
[Round "5"]
[White "Puhiera,R"]
[Black "Guevara,C"]
[Result "0-1"]
[WhiteElo "2152"]
[BlackElo "2126"]

1.e4 c5 2.c3 Nf6 3.e5 Nd5 4.Nf3 Nc6 5.d4 cxd4 6.Bc4 Nb6 7.Bb3 d6 8.exd6 e6
9.O-O Qxd6 10.Na3 Be7 11.Nb5 Qb8 12.Nfxd4 O-O 13.Nxc6 bxc6 14.Nd4 Qc7 15.Re1 c5
16.Nb5 Qc6 17.c4 Bb7 18.Qg4 a6 19.Nc3 Rad8 20.Bc2 f5 21.Qh3 Rd4 22.f3 Nxc4
23.Bb3 Bf6 24.Ne2 Rh4 25.Qg3 Na5 26.Bg5 Bxg5 27.Qxg5 Nxb3 28.axb3 Rh6 29.Nf4 Qd6
30.Rad1 Bd5 31.h3 Rhf6 32.Nh5 Rg6 33.Qf4 Qb6 34.Re3 h6 35.Qe5 f4 36.Nxf4 Rg5
37.Nxd5 Rxe5 38.Nxb6 Rxe3 39.Nd7 Rc8 40.Nb6 Rb8 41.Rd6 Rxb3 42.Nd7 R8b5 43.Rxa6 Rxb2
44.Rxe6 c4 45.Rc6 Rd2 46.Rc8+ Kf7 47.Nc5 Rb1+ 48.Kh2 Rbb2 49.Kg3 Rxg2+ 50.Kf4 c3
51.Nd3 g5+ 52.Kf5 Rb5+ 53.Ne5+ Ke7 54.Rc6 Re2 55.Rc7+ Kd8  0-1

[Event "6th Leg Russian Cup"]
[Site "Tomsk RUS"]
[Date "2001.07.07"]
[Round "8"]
[White "Grunina,N"]
[Black "Margolin,E"]
[Result "0-1"]
[WhiteElo "2065"]
[BlackElo "2210"]

1.e4 c5 2.c3 Nf6 3.e5 Nd5 4.Nf3 Nc6 5.Bc4 Nb6 6.Bb3 d5 7.h3 Bf5 8.d3 e6 9.O-O Be7
10.Bc2 d4 11.c4 Nd7 12.Re1 g5 13.Ba4 Nb4 14.g4 Bg6 15.Bc2 h6 16.a3 Nc6 17.b4 cxb4
18.Bb2 Nc5 19.axb4 Nxb4 20.Bxd4 Ncxd3 21.Bxd3 Nxd3 22.Qa4+ Kf8 23.Rd1 Qc8
24.Na3 Nf4 25.Nb5 Qc6 26.Qb3 Bc2 27.Qe3 Bxd1 28.Rxd1 Qxc4 29.Nd6 Qe2 30.Nxb7  0-1

[Event "Open"]
[Site "Hyeres FRA"]
[Date "2001.07.09"]
[Round "3"]
[White "Etchegaray,P"]
[Black "Delchev,A"]
[Result "0-1"]
[WhiteElo "2350"]
[BlackElo "2629"]

1.e4 c5 2.c3 Nf6 3.e5 Nd5 4.d4 cxd4 5.Nf3 e6 6.cxd4 d6 7.Nc3 Nxc3 8.bxc3 Qc7
9.Bd2 Nd7 10.Bd3 dxe5 11.O-O Be7 12.Re1 exd4 13.cxd4 O-O 14.Rc1 Qd8 15.Bf4 Nf6
16.Bc7 Qe8 17.Ng5 h6 18.Ne4 Nd5 19.Nd6 Qd7 20.Bb5 Qxc7 21.Rxc7 Nxc7 22.Nxc8 Raxc8
23.Bc4 Rfd8 24.Qf3 Nd5 25.Bb3 Bb4 26.Rd1 a5 27.Bxd5 Rxd5 28.g3 b5 29.Qe2 Bc3
30.Rc1 b4 31.Qa6 Rcd8 32.Kg2 h5 33.h4 g6 34.Rc2 Kg7 35.Kf1 Rf5 36.Qb6 Rdd5
37.Kg2 Bxd4 38.Qb7 Bc3 39.Re2 a4 40.Qa7 a3 41.Rc2 Rd3  0-1

[Event "Open"]
[Site "Hyeres FRA"]
[Date "2001.07.10"]
[Round "5"]
[White "Etchegaray,P"]
[Black "Garrido,De"]
[Result "1-0"]
[WhiteElo "2350"]
[BlackElo "2248"]

1.e4 c5 2.c3 Nf6 3.e5 Nd5 4.d4 cxd4 5.Nf3 b6 6.cxd4 e6 7.Nc3 Nxc3 8.bxc3 Qc7
9.Bd2 Bb7 10.Bd3 d6 11.O-O Nd7 12.Ng5 dxe5 13.Qh5 g6 14.Qh3 Be7 15.Rfe1 Bd5
16.a4 Rc8 17.c4 Bb7 18.d5 Nc5 19.dxe6 Bxg5 20.Bxg5 Nxd3 21.Qxd3 fxe6 22.Qa3 Kf7
23.Qg3 Rhe8 24.Rad1 Kg8 25.h4 e4 26.Rd6 Qf7 27.Red1 Bc6 28.Ra1 h5 29.a5 Qf5
30.axb6 axb6 31.Ra6 Qc5 32.Be3 Qf5 33.Rxb6 Ba8 34.c5 Bd5 35.Rd7 Bc6 36.Rc7 Rxc7
37.Qxc7 Bd5 38.Ra6 Qf7 39.Qe5 Qf5 40.Qd6 Qf8 41.Qg3 Qf5 42.Bd4 Rc8 43.Ra7 e5
44.Bxe5 Rxc5 45.Rg7+ Kf8 46.Rxg6 Bf7 47.Rg5 Rc1+ 48.Kh2 Qc8 49.Bd6+  1-0

[Event "Open"]
[Site "Hyeres FRA"]
[Date "2001.07.10"]
[Round "6"]
[White "Karpatchev,A"]
[Black "Lepelletier,B"]
[Result "1/2-1/2"]
[WhiteElo "2421"]
[BlackElo "2459"]

1.e4 c5 2.c3 Nf6 3.e5 Nd5 4.Nf3 e6 5.d4 cxd4 6.cxd4 b6 7.Nc3 Nxc3 8.bxc3 Qc7
9.Bd2 d6 10.Bd3 Nd7 11.Ng5 Bb7 12.O-O dxe5 13.Qh5 g6 14.Qh3 Bg7 15.Rae1 Rb8
16.f4 e4 17.f5 exf5 18.Bxe4 Bxe4 19.Bf4 Qc6 20.Bxb8 Nxb8 21.Rf4 Nd7 22.Nxe4 fxe4
23.Rexe4+ Kf8 24.Re6 Qd5 25.Re2 h5 26.Ref2 Nf6 27.Rxf6 Bxf6 28.Rxf6 Kg7 29.Qf3 Qxa2
30.d5 Qb1+ 31.Qf1 Qxf1+ 32.Rxf1 Rc8 33.Rd1 a5 34.Rb1 Rxc3 35.Rxb6 Rc5 36.d6 Rd5
37.Kf2 Kf6 38.Ra6 Ke6 39.Ke3 Rxd6 40.Rxa5 Rd5 41.Ra6+ Kf5 42.Ra7 f6 43.Rb7 Ra5
44.Rb2 h4 45.Kf2 g5 46.h3  1/2-1/2

[Event "Open"]
[Site "Hyeres FRA"]
[Date "2001.07.12"]
[Round "8"]
[White "Karpatchev,A"]
[Black "Etchegaray,P"]
[Result "1/2-1/2"]
[WhiteElo "2421"]
[BlackElo "2350"]

1.e4 c5 2.c3 Nf6 3.e5 Nd5 4.Nf3 e6 5.d4 cxd4 6.cxd4 d6 7.Bc4 Nb6 8.Bd3 Nc6
9.Bg5 Be7 10.Bxe7 Qxe7 11.Nc3 dxe5 12.dxe5 Nd7 13.Qe2 Nc5 14.O-O-O Nxd3+
15.Qxd3 O-O 16.Qd6 Qxd6 17.Rxd6 f6 18.Rhd1 Ne7 19.Rd8 Nc6 20.R8d6 Ne7 21.Nd4 fxe5
22.Ndb5 Nf5 23.Rd8 a6 24.Nc7 Rb8 25.Na4 b6 26.Rxf8+ Kxf8 27.Rd8+ Ke7 28.Rh8 Rb7
29.Nxa6 Bd7 30.Nc3 h6 31.g4 Nh4 32.Rg8 Kf7 33.Rd8 Ke7 34.Rg8 Kf7 35.Rb8 Rxb8
36.Nxb8 Ke7 37.Kd2 Nf3+ 38.Ke3 Nd4 39.Ke4 Be8 40.Kxe5 Nf3+ 41.Kf4 Nxh2 42.f3 h5
43.gxh5  1/2-1/2

[Event "ch-SUI"]
[Site "Scuol SUI"]
[Date "2001.07.13"]
[Round "2"]
[White "Hindermann,F"]
[Black "Ekstroem,R"]
[Result "1/2-1/2"]
[WhiteElo "2203"]
[BlackElo "2491"]

1.e4 c5 2.c3 Nf6 3.e5 Nd5 4.d4 cxd4 5.Qxd4 e6 6.Nf3 Nc6 7.Qe4 d6 8.Nbd2 dxe5
9.Nxe5 Nxe5 10.Qxe5 Qd6 11.Bb5+ Bd7 12.Bxd7+ Qxd7 13.Nf3 Qc7 14.Qxc7 Nxc7
15.c4 Bc5 16.Ke2 a5 17.b3 Ke7 18.Rd1 f6 19.Be3 Bxe3 20.Kxe3 e5 21.Rd2 Rhd8
22.Rad1 Rxd2 23.Rxd2 Ra6 24.Ne1 b5 25.cxb5 Nxb5 26.Nd3 Rc6 27.f4 exf4+ 28.Nxf4 g5
29.Ne2 h5 30.Nd4 Nxd4 31.Kxd4 Rc1 32.Kd5 h4 33.h3 Kd7 34.Re2 Rc3 35.Kd4 Rc1
36.Kd5 Rc3 37.Kd4 Rc1 38.Kd5  1/2-1/2

[Event "Lasker Mem Open"]
[Site "Barlinek CZE"]
[Date "2001.07.16"]
[Round "1"]
[White "Shilov,S"]
[Black "Babaev,Ra"]
[Result "1/2-1/2"]
[WhiteElo "2291"]
[BlackElo "2361"]

1.e4 c5 2.c3 Nf6 3.e5 Nd5 4.Bc4 Nb6 5.Bb3 d5 6.d4 cxd4 7.cxd4 Nc6 8.Ne2 Bf5
9.Ng3 Bxb1 10.Rxb1 e6 11.Nh5 Qh4 12.Be3 Bb4+ 13.Kf1 O-O-O 14.a3 Be7 15.Rc1 Kb8
16.Nf4 Nc4 17.Bxc4 dxc4 18.g3 Qh6 19.Kg2 g5 20.Nh5 Qg6 21.Qg4 Qd3 22.Rc3 Qg6
23.Rxc4 Rd5 24.Rhc1 Rhd8 25.h3 h6 26.Qf3 a6 27.g4 R8d7 28.Ng3 f6 29.exf6 Bxf6
30.Ne2 R5d6 31.b4 e5 32.dxe5 Bxe5 33.a4 Rf6 34.Qe4 Qxe4+ 35.Rxe4 Rd5 36.Ng3 Bd6
37.Re8+ Kc7 38.Ne4 Rf7 39.Nxd6 Kxd6 40.Bc5+ Kd7 41.Rh8 Nd8 42.Be3 Rd6 43.h4 Ne6
44.Rb8 Nf4+ 45.Kh2 Ke6 46.Rh8 Rf6 47.Rc4 Ke5 48.Re8+ Rfe6 49.Bxf4+ gxf4 50.Rxe6+ Rxe6
51.Kg2 Rd6 52.Rc7 Rb6 53.Re7+ Kd5 54.Rd7+ Ke5 55.Re7+ Kd5 56.g5 hxg5 57.hxg5 Rxb4
58.g6 Rb6 59.g7 Rg6+ 60.Kf3 b5  1/2-1/2

[Event "EuChJun Girls"]
[Site "Patras GRE"]
[Date "2001.07.16"]
[Round "1"]
[White "Richards,H"]
[Black "Klipper,R"]
[Result "1-0"]
[WhiteElo "2230"]
[BlackElo "2046"]

1.e4 c5 2.c3 Nf6 3.e5 Nd5 4.Nf3 Nc6 5.Bc4 Nb6 6.Bb3 g6 7.d4 cxd4 8.Ng5 d5
9.cxd4 h6 10.Nf3 Bf5 11.Nc3 Bg7 12.O-O g5 13.Be3 Qd7 14.Ne1 Nc4 15.Qe2 Nxe3
16.fxe3 e6 17.Rc1 g4 18.Nd3 h5 19.Nc5 Qe7 20.Nxd5 exd5 21.Rxf5 Rd8 22.Ba4 Qc7
23.Nxb7  1-0

[Event "16th Maccabia IM"]
[Site "Tel Aviv ISR"]
[Date "2001.07.16"]
[Round "2"]
[White "Rinberg,A"]
[Black "Bar,R"]
[Result "0-1"]
[WhiteElo "2328"]
[BlackElo "2412"]

1.e4 c5 2.c3 Nf6 3.e5 Nd5 4.d4 cxd4 5.Nf3 Nc6 6.cxd4 d6 7.exd6 Qxd6 8.Be2 e6
9.O-O Be7 10.Nc3 Nxc3 11.bxc3 O-O 12.Rb1 b6 13.Bd3 Bb7 14.Qe2 Rac8 15.Qe4 g6
16.Qe2 Rfe8 17.Re1 Bf6 18.Nd2 Na5 19.Be4 Bg7 20.Bxb7 Nxb7 21.Qa6 Qb8 22.Ne4 e5
23.Bg5 exd4 24.cxd4 Bxd4 25.Qa4 Bg7 26.Nf6+ Bxf6 27.Bxf6 Nc5 28.Qh4 Rxe1+
29.Rxe1 Re8 30.Rd1 Qd6 31.Rf1 Re4 32.Qg5 h6  0-1

[Event "3rd Open"]
[Site "Patras GRE"]
[Date "2001.07.19"]
[Round "2"]
[White "Kerimov,Y"]
[Black "Mastrovasilis,A"]
[Result "0-1"]
[WhiteElo "2064"]
[BlackElo "2441"]

1.e4 c5 2.c3 Nf6 3.e5 Nd5 4.d4 cxd4 5.Nf3 e6 6.cxd4 d6 7.Bb5+ Bd7 8.Bxd7+ Nxd7
9.O-O Rc8 10.Bd2 Be7 11.Nc3 Nxc3 12.Bxc3 d5 13.Nd2 b5 14.Qb3 Qb6 15.Nf3 a5
16.Bd2 O-O 17.Qd3 h6 18.Rac1 Nb8 19.Rxc8 Rxc8 20.Rc1 Rxc1+ 21.Bxc1 Qc6 22.Qc3 Qxc3
23.bxc3 Nc6 24.a3 Kf8 25.Kf1 Na7 26.Ke2 Nc8 27.Ne1 Nb6 28.Kd3 Nc4 29.Nc2 h5
30.h3 f6 31.exf6 gxf6 32.g3 Kf7 33.Ke2 Kg6 34.g4 f5 35.gxf5+ Kxf5 36.Ne3+ Nxe3
37.fxe3 Ke4 38.Bb2 Bd6 39.Bc1 e5 40.Bb2 exd4 41.exd4 a4 42.Bc1 Be7 43.Bh6 Bxa3
44.Kd2 Bd6 45.Kc2 Kf3 46.h4 Kg4 47.Bg5 Bg3  0-1

[Event "Politiken Cup"]
[Site "Copenhagen DEN"]
[Date "2001.07.20"]
[Round "5"]
[White "Lardot,D"]
[Black "Tozer,R"]
[Result "0-1"]
[WhiteElo "2023"]
[BlackElo "2315"]

1.e4 c5 2.c3 Nf6 3.e5 Nd5 4.d4 cxd4 5.cxd4 Nc6 6.Nf3 d6 7.Nc3 dxe5 8.Nxe5 Nxc3
9.Nxc6 Nxd1 10.Nxd8 Kxd8 11.Kxd1 Be6 12.Bd3 Bd5 13.f3 e6 14.Be4 Bd6 15.Bd2 Rc8
16.Bc3 Kd7 17.Bxd5 exd5 18.Rc1 Rhe8 19.Rc2 b5 20.a3 a5 21.Re1 Rxe1+ 22.Bxe1 Rc4
23.Rxc4 dxc4 24.Bxa5 Bxh2 25.Kc2 Kc6 26.b3 Kd5 27.Bb6 Bd6 28.a4 cxb3+ 29.Kxb3 bxa4+
30.Kxa4 Kc4 31.d5 h5 32.Bd8 Kxd5 33.Kb3 Kd4 34.g4 hxg4 35.fxg4 g6  0-1

[Event "Czech Open"]
[Site "Pardubice CZE"]
[Date "2001.07.20"]
[Round "1"]
[White "Buchnicek,P"]
[Black "Chernyshov,K"]
[Result "0-1"]
[WhiteElo "2295"]
[BlackElo "2561"]

1.e4 c5 2.c3 Nf6 3.e5 Nd5 4.d4 cxd4 5.cxd4 d6 6.Nf3 Nc6 7.Bc4 Nb6 8.Bb5 dxe5
9.Nxe5 Bd7 10.Bxc6 Bxc6 11.Nxc6 bxc6 12.O-O e6 13.Qg4 h5 14.Qe4 Nd5 15.Nc3 Bd6
16.Qf3 Qh4 17.h3 Qxd4 18.Rd1 Qf6 19.Qxf6 gxf6 20.Ne4 Be7 21.Be3 f5 22.Nc3 Nxe3
23.fxe3 Bc5 24.Rd3 f4 25.Nd1 Rd8 26.Rxd8+ Kxd8 27.Rc1 Bb6 28.Rxc6 fxe3 29.Kf1 Rg8
30.Nc3 Rg5 31.Na4 Kd7 32.Rc4 Rf5+ 33.Ke1 Rf2 34.g4 hxg4 35.hxg4 f5 36.gxf5 exf5
37.Nxb6+ axb6 38.Rb4 Kc6 39.a4 f4 40.b3 Kc5 41.Rb5+ Kd4 42.Rxb6 Ra2 43.Rd6+ Ke4  0-1

[Event "16th Maccabia IM"]
[Site "Tel Aviv ISR"]
[Date "2001.07.20"]
[Round "6"]
[White "Rinberg,A"]
[Black "Godes,D"]
[Result "1/2-1/2"]
[WhiteElo "2328"]
[BlackElo "2314"]

1.e4 c5 2.c3 Nf6 3.e5 Nd5 4.Bc4 Nc7 5.d4 d5 6.Bb3 Nc6 7.Ne2 g6 8.h4 h5 9.Be3 Bg4
10.f3 Bf5 11.Nd2 Bg7 12.O-O Ne6 13.Rf2 Rc8 14.Nf1 cxd4 15.cxd4 Bh6 16.Bxh6 Rxh6
17.Ne3 Nc7 18.Qd2 Rh8 19.Nxf5 gxf5 20.Qg5 Ne6 21.Qxf5 Nexd4 22.Nxd4 Nxd4
23.Ba4+ Kf8 24.Qd3 Ne6 25.Bb3 Rg8 26.Qe3 Qb6 27.Qxb6 axb6 28.Kh2 Nf4 29.Rd1 e6
30.g3 Ng6 31.f4 Ne7 32.Rd3 Nf5 33.Bd1 Rh8 34.Rc2 Rxc2+ 35.Bxc2 Ke7 36.Rc3 Kd7
37.Ba4+ Kd8 38.Bd1 Kd7 39.a3 Nd4 40.Kg2 Nf5 41.Kf2 Nd4 42.b4 Nf5 43.a4 Nd4
44.b5 Kd8 45.f5 Nxf5 46.Kf3 Ne7 47.Kf4 Ng6+ 48.Kg5 Nxe5 49.Kf6 d4 50.Rc1 Nd7+
51.Kg7 Rf8 52.Bxh5 Ke7 53.Rc7 Rd8 54.Bxf7 d3 55.Bg6 d2 56.Bc2 e5 57.h5 Kd6
58.Rc3 Nc5 59.h6 e4 60.h7 Ne6+ 61.Kh6 Nd4 62.Bd1 Ke5 63.Rc7 Nf5+ 64.Kg5 Nxg3
65.Re7+ Kd6 66.Rxb7 e3 67.Rxb6+ Ke5 68.Rb7 Kd6 69.Rb6+ Ke5 70.Bb3 Ne4+ 71.Kg6 e2
72.Bg8 e1=Q 73.h8=Q+ Kf4 74.Qh2+ Kf3 75.Bb3 d1=Q 76.Bxd1+ Rxd1 77.Re6 Qg1+
78.Qxg1 Rxg1+ 79.Kh6 Nc5 80.Rf6+ Ke4  1/2-1/2

[Event "Dutch Open"]
[Site "Dieren NED"]
[Date "2001.07.21"]
[Round "5"]
[White "Zimmerman,L"]
[Black "Algera,S"]
[Result "1-0"]
[WhiteElo "2125"]
[BlackElo "2067"]

1.e4 c5 2.c3 Nf6 3.e5 Nd5 4.d4 cxd4 5.Nf3 e6 6.cxd4 b6 7.Bc4 Bb7 8.O-O Be7
9.Bxd5 Bxd5 10.Nc3 Bb7 11.d5 exd5 12.Nxd5 O-O 13.a3 Na6 14.Re1 Nc5 15.b4 Ne6
16.Bb2 Re8 17.Qd3 Bxd5 18.Qxd5 d6 19.Rad1 dxe5 20.Qxe5 Qc8 21.Qg3 Bf8 22.Ne5 Qc2
23.Ba1 f6 24.Nd7 Kf7 25.Rc1 Qd2 26.Red1 Rac8 27.Bc3 Qf4 28.Nxf8 Qxg3 29.hxg3 Nxf8
30.Kf1 Rc4 31.Bd4 Rec8 32.Rxc4 Rxc4 33.Ke2 Ne6 34.Be3 Ke7 35.Kd3 Rc7 36.Rh1 h6
37.a4 Rc6 38.Rh5 Rd6+ 39.Kc4 a6 40.b5 Nc7 41.bxa6 Kd7 42.a7 Kc6 43.a5 Kb7
44.axb6 Na8 45.Rd5 Nxb6+ 46.Bxb6  1-0

[Event "Dutch Open"]
[Site "Dieren NED"]
[Date "2001.07.21"]
[Round "5"]
[White "Berelovich,A"]
[Black "Dvoirys,S"]
[Result "1/2-1/2"]
[WhiteElo "2513"]
[BlackElo "2578"]

1.e4 c5 2.c3 Nf6 3.e5 Nd5 4.d4 cxd4 5.cxd4 d6 6.Nf3 Nc6 7.Bc4 Nb6 8.Bb5 dxe5
9.Nxe5 Bd7 10.Bxc6 Bxc6 11.Be3  1/2-1/2